00540nam a2200169 i 4500001000300000100001200003245008900015260002100104700001700125040000800142041000800150942000700158008004100165999001700206856009800223952004900321bg1 aWOS, A. 0aGospodarka żywnościowa :bproblemy ekonomiki i sterowania /cA. Wos, J.S. Zegar. aWarszawa,c1983.1 aZEGAR, J. S. cBPK apol cKS s pl f |000 0 pol  c21982d21982 uhttp://koha.tu.koszalin.pl/cgi-bin/koha/opac-detail.pl?biblionumber=21982yKatalog online BPK 00104070aBPKbBPKcwo30901p01054231yKS